[Event "Valasska Bystrice op"]
[Site "Valasska Bystrice"]
[Date "2023.09.09"]
[Round "1"]
[White "Zadrapa, Jakub"]
[Black "Kolibik, Jan"]
[Result "1-0"]
[WhiteElo "1914"]
[BlackElo "1523"]
[PlyCount "91"]
[EventDate "2023.09.09"]
[EventType "swiss"]
[EventRounds "9"]
[EventCountry "CZE"]
[SourceTitle "EXT 2024"]
[Source "ChessBase"]
[SourceDate "2023.10.10"]
[SourceVersion "1"]
[SourceVersionDate "2023.10.10"]
[SourceQuality "1"]

1. e4 c5 2. Nf3 Nc6 3. d4 cxd4 4. Nxd4 g6 5. c4 Bg7 6. Be3 d6 7. Nc3 Bd7 8. Be2 Nf6 9. 0-0 0-0 10. Rc1 Nxd4 11. Bxd4 Bc6 12. Bf3 e6 13. Qd2 Qe7 14. Rfd1 Rfd8 15. b4 b6 16. Qb2 Ne8 17. Ne2 Rac8 18. Rd3 Bxd4 19. Nxd4 Bb7 20. Qa3 a6 21. Qb3 b5 22. Rdc3 bxc4 23. Rxc4 Rxc4 24. Rxc4 d5 25. exd5 Bxd5 26. Bxd5 Rxd5 27. g3 Qd7 28. Nf3 Rd3 29. Rc3 Rxc3 30. Qxc3 Qd5 31. a3 Qb7 32. Ne5 Qc7 33. Qe3 Nf6 34. Qg5 Kg7 35. Qe3 Nd5 36. Qd4 Qb6 37. Qb2 f6 38. Nd7 Qb5 39. Nc5 a5 40. Nxe6+ Kg8 41. Nd4 Qb7 42. b5 Qb6 43. Nc6 Kg7 44. a4 Qc7 45. Qd2 Nb4 46. Nxb4 1-0

[Event "Valasska Bystrice op 13th"]
[Site "Valasska Bystrice"]
[Date "2022.09.15"]
[Round "7"]
[White "Svec, Ludek"]
[Black "Kolibik, Jan"]
[Result "1/2-1/2"]
[WhiteElo "1609"]
[BlackElo "1528"]
[PlyCount "58"]
[EventDate "2022.09.10"]
[EventType "swiss"]
[EventRounds "9"]
[EventCountry "CZE"]
[SourceTitle "CBM 210 Extra"]
[Source "ChessBase"]
[SourceDate "2022.11.30"]
[SourceVersion "1"]
[SourceVersionDate "2022.11.30"]
[SourceQuality "1"]

1. d4 d5 2. Nf3 Nf6 3. c4 c6 4. Qc2 g6 5. g3 Bg7 6. Bg2 0-0 7. 0-0 Bf5 8. Qb3 Qb6 9. Nc3 Nbd7 10. Rd1 Qxb3 11. axb3 Bc2 12. Re1 Bxb3 13. Nd2 Bxc4 14. Nxc4 dxc4 15. d5 cxd5 16. Nxd5 Nxd5 17. Bxd5 Nc5 18. Bxc4 e6 19. Ra3 a6 20. b4 Ne4 21. Rd1 Rfd8 22. Rad3 Bf6 23. f3 Nc3 24. Rxd8+ Bxd8 25. Rd7 b5 26. Bd3 a5 27. bxa5 Bxa5 28. Rb7 b4 29. Bb2 Kf8 1/2-1/2

[Event "Liptovsky Jan op"]
[Site "Liptovsky Jan"]
[Date "2022.06.26"]
[Round "6"]
[White "Muller, Martin"]
[Black "Kolibik, Jan"]
[Result "1/2-1/2"]
[WhiteElo "1440"]
[BlackElo "1621"]
[PlyCount "97"]
[EventDate "2022.06.23"]
[EventType "swiss"]
[EventRounds "7"]
[EventCountry "SVK"]
[SourceTitle "CBM 209 Extra"]
[Source "ChessBase"]
[SourceDate "2022.09.30"]
[SourceVersion "1"]
[SourceVersionDate "2022.09.30"]
[SourceQuality "1"]

1. d4 d5 2. Bf4 c6 3. Nf3 Nf6 4. e3 Bg4 5. h3 Bh5 6. Bd3 Qb6 7. Nbd2 e6 8. Nb3 Nbd7 9. Qd2 Ne4 10. Bxe4 dxe4 11. Ne5 Nxe5 12. Bxe5 f6 13. Bh2 a5 14. c3 Rd8 15. Qc2 Bg6 16. Qe2 a4 17. Nc1 Bf7 18. Qc2 f5 19. Be5 Qa6 20. h4 Be7 21. h5 Bf6 22. Bxf6 gxf6 23. Qe2 Qxe2+ 24. Nxe2 Rg8 25. g3 Ke7 26. 0-0-0 e5 27. Kb1 Rd7 28. dxe5 Rxd1+ 29. Rxd1 fxe5 30. h6 Bh5 31. Re1 Bxe2 32. Rxe2 Rg6 33. c4 Rd6 34. Kc2 Rxh6 35. Kc3 c5 36. b4 b6 37. b5 Rd6 38. Rd2 h5 39. Rxd6 Kxd6 40. Kd2 Ke6 41. Ke2 Kf6 42. Kf1 Kg5 43. Kg2 f4 44. Kh3 a3 45. Kh2 Kg4 46. Kg2 fxg3 47. fxg3 h4 48. gxh4 Kxh4 49. Kh2 1/2-1/2

[Event "Liptovsky Jan op"]
[Site "Liptovsky Jan"]
[Date "2022.06.25"]
[Round "4"]
[White "Livnansky, Michal"]
[Black "Kolibik, Jan"]
[Result "1-0"]
[WhiteElo "1279"]
[BlackElo "1621"]
[PlyCount "49"]
[EventDate "2022.06.23"]
[EventType "swiss"]
[EventRounds "7"]
[EventCountry "SVK"]
[SourceTitle "CBM 209 Extra"]
[Source "ChessBase"]
[SourceDate "2022.09.30"]
[SourceVersion "1"]
[SourceVersionDate "2022.09.30"]
[SourceQuality "1"]

1. c4 Nf6 2. Nc3 c5 3. Nf3 g6 4. g3 Bg7 5. Bg2 Nc6 6. d3 d6 7. 0-0 Bd7 8. a3 a5 9. Qb3 Rb8 10. Rb1 0-0 11. Bg5 Na7 12. Qa2 b5 13. cxb5 Be6 14. b3 Nxb5 15. Nxb5 Rxb5 16. Nd2 Nd5 17. Bxd5 Bxd5 18. Nc4 Bxc4 19. bxc4 Rxb1 20. Rxb1 Qc7 21. Qb3 Ra8 22. Qb7 Ra7 23. Qxc7 Rxc7 24. Rb8+ Bf8 25. Bh6 1-0

[Event "Valasska Bystrice op 11th"]
[Site "Valasska Bystrice"]
[Date "2019.09.12"]
[Round "7"]
[White "Serakova, Tatana"]
[Black "Kolibik, Jan"]
[Result "1-0"]
[WhiteElo "1648"]
[BlackElo "1575"]
[PlyCount "71"]
[EventDate "2019.09.07"]
[EventType "swiss"]
[EventRounds "9"]
[EventCountry "CZE"]
[SourceTitle "EXT 2020"]
[Source "ChessBase"]
[SourceDate "2019.10.17"]
[SourceVersion "1"]
[SourceVersionDate "2019.10.17"]
[SourceQuality "1"]

1. d4 Nf6 2. Nf3 e6 3. c4 d5 4. Nc3 Be7 5. Bg5 c6 6. e3 Nbd7 7. Bd3 h6 8. Bh4 dxc4 9. Bxc4 Nd5 10. Bxe7 Kxe7 11. 0-0 Re8 12. Ne4 N7f6 13. Nxf6 Nxf6 14. Ne5 Kf8 15. Qc2 Qe7 16. Rac1 g6 17. Bd3 Kg8 18. f4 Nd5 19. Qf2 Kh7 20. e4 Nf6 21. f5 exf5 22. exf5 g5 23. Rce1 Qc7 24. Bc4 Nd5 25. f6 Be6 26. Qc2+ Kh8 27. Qe4 Nf4 28. Rxf4 Bxc4 29. Rg4 Re6 30. Qf5 Rg8 31. h4 Rd6 32. Qf3 Be6 33. Rxg5 Rxg5 34. hxg5 Rxd4 35. Qh5 Bf5 36. Qxh6+ 1-0

[Event "Levice op"]
[Site "Levice"]
[Date "2018.08.03"]
[Round "3"]
[White "Kolibik, Jan"]
[Black "Nagy, Ludovit"]
[Result "1-0"]
[WhiteElo "1628"]
[BlackElo "1159"]
[PlyCount "95"]
[EventDate "2018.08.02"]
[EventType "swiss"]
[EventRounds "7"]
[EventCountry "SVK"]
[SourceTitle "CBM 185 Extra"]
[Source "ChessBase"]
[SourceDate "2018.07.29"]
[SourceVersion "1"]
[SourceVersionDate "2018.07.29"]
[SourceQuality "1"]

1. c4 e5 2. g3 f5 3. e3 Nf6 4. Bg2 Nc6 5. Ne2 Be7 6. 0-0 d6 7. d4 e4 8. a3 a6 9. b4 Na7 10. Nbc3 b5 11. c5 dxc5 12. dxc5 Bd7 13. Qb3 Qc8 14. Nf4 Nc6 15. Bb2 Ne5 16. Ncd5 Nc4 17. Nxf6+ Bxf6 18. Bxf6 gxf6 19. Qc3 0-0 20. Rfd1 Qe8 21. Rd4 Rd8 22. Rad1 Qe5 23. Qc1 Qe7 24. Bf1 Ne5 25. Be2 Nc6 26. R4d2 Ne5 27. Nd5 Qg7 28. Nxc7 Rc8 29. Nd5 Be6 30. Nb6 Qf7 31. Nxc8 Rxc8 32. Rd8+ Kg7 33. Rxc8 Bxc8 34. Rd6 Qa2 35. Rd2 Qb3 36. Qb2 Qf7 37. Rd4 Be6 38. Qc3 Bc4 39. Bd1 Qg6 40. Kg2 Qh6 41. h4 Qg6 42. Rd6 Qf7 43. Rxa6 Qd5 44. Rd6 Qa8 45. c6 Nxc6 46. Qxf6+ Kg8 47. Rxc6 Qb7 48. Qd8+ 1-0

[Event "Valasska Bystrice op"]
[Site "Valasska Bystrice"]
[Date "2017.09.15"]
[Round "8"]
[White "Janik, Miroslav"]
[Black "Kolibik, Jan"]
[Result "0-1"]
[WhiteElo "1659"]
[BlackElo "1577"]
[PlyCount "124"]
[EventDate "2017.09.09"]
[EventType "swiss"]
[EventRounds "9"]
[EventCountry "CZE"]
[SourceTitle "CBM 180 Extra"]
[Source "ChessBase"]
[SourceDate "2017.10.06"]
[SourceVersion "1"]
[SourceVersionDate "2017.10.06"]
[SourceQuality "1"]

1. e4 c6 2. d4 d5 3. e5 Bf5 4. Nf3 e6 5. Be3 Qb6 6. b3 Nd7 7. Nh4 Bg6 8. a3 Ne7 9. Be2 Nf5 10. Nxf5 Bxf5 11. Nc3 Qc7 12. b4 Be7 13. h4 h6 14. Bh5 Nf8 15. Be2 b5 16. 0-0 Bxh4 17. g4 Bg6 18. f4 f5 19. gxf5 Bxf5 20. a4 Qf7 21. Kh1 Qe7 22. Kg2 Qxb4 23. Qd2 Nd7 24. Rh1 Qe7 25. axb5 0-0 26. bxc6 Nb6 27. Rh2 g5 28. Rah1 Rf7 29. Bh5 Rg7 30. fxg5 Nc4 31. Qe2 Nxe3+ 32. Qxe3 Bxg5 33. Qe2 Qb4 34. Rh3 Bxh3+ 35. Rxh3 Qxd4 36. Rg3 Qd2 37. Nb5 Qxe2+ 38. Bxe2 Rc8 39. Nd4 Re8 40. c4 Bf4 41. Rxg7+ Kxg7 42. Bg4 dxc4 43. Bxe6 Bxe5 44. Bd7 Rb8 45. Nf5+ Kg6 46. Ne3 c3 47. Kf3 Rb4 48. Bf5+ Kg5 49. Bd3 a5 50. Nd5 Rb8 51. Ke4 Re8 52. Bc2 h5 53. Kf3 Rf8+ 54. Ke4 Re8 55. Ba4 Bg3+ 56. Kf3 h4 57. Nxc3 Rf8+ 58. Ke3 Bf4+ 59. Ke2 h3 60. Bb3 Re8+ 61. Kf2 Re3 62. c7 Rxc3 0-1

[Event "Valasska Bystrice op"]
[Site "Valasska Bystrice"]
[Date "2017.09.12"]
[Round "5"]
[White "Kolibik, Jan"]
[Black "Kunc, Miroslav"]
[Result "1-0"]
[WhiteElo "1577"]
[BlackElo "1534"]
[PlyCount "145"]
[EventDate "2017.09.09"]
[EventType "swiss"]
[EventRounds "9"]
[EventCountry "CZE"]
[SourceTitle "CBM 180 Extra"]
[Source "ChessBase"]
[SourceDate "2017.10.06"]
[SourceVersion "1"]
[SourceVersionDate "2017.10.06"]
[SourceQuality "1"]

1. c4 e5 2. g3 Nf6 3. Bg2 Nc6 4. Nf3 Bc5 5. Nc3 d6 6. 0-0 0-0 7. a3 a6 8. d3 h6 9. b4 Bd4 10. Bb2 Bxc3 11. Bxc3 Ne7 12. Qc2 c6 13. h3 Ng6 14. c5 Re8 15. cxd6 Qxd6 16. Nd2 Be6 17. Nc4 Bxc4 18. dxc4 Rad8 19. Rad1 Qc7 20. Rxd8 Rxd8 21. Rd1 Rxd1+ 22. Qxd1 Qd7 23. Qxd7 Nxd7 24. c5 f6 25. Be4 Kf7 26. Kg2 Ne7 27. Bc2 Ke6 28. Kf3 Nd5 29. Bb3 Ke7 30. Bd2 f5 31. e4 fxe4+ 32. Kxe4 Nc7 33. Kf5 Ne8 34. Bc3 Nc7 35. Bxe5 Nxe5 36. Kxe5 Nb5 37. a4 Nc3 38. Kf5 Ne2 39. Ke5 Ng1 40. h4 Nh3 41. f4 Nf2 42. Bc2 Ng4+ 43. Kd4 Nf6 44. Bf5 Kd8 45. Bg6 Nd5 46. Kc4 Ne3+ 47. Kb3 Nf1 48. g4 Ne3 49. g5 Ng2 50. gxh6 gxh6 51. h5 Nxf4 52. Bf7 Ke7 53. Bc4 Nxh5 54. b5 a5 55. Be2 Nf4 56. Bf3 Nd5 57. Kc4 Nb4 58. Bg2 Kd8 59. Bf3 Kc7 60. b6+ Kd8 61. Bg4 Nd5 62. Kd4 Nf6 63. Bh3 h5 64. Ke5 Nd5 65. Kd4 h4 66. Bf5 Ne7 67. Bh3 Ke8 68. Ke4 Kd8 69. Kd4 Ng6 70. Ke4 Nh8 71. Kf5 Nf7 72. Kf6 Nh6 73. Kg7 1-0

[Event "Valasska Bystrice op"]
[Site "Valasska Bystrice"]
[Date "2016.09.16"]
[Round "8"]
[White "Jirousek, Tadeas"]
[Black "Kolibik, Jan"]
[Result "1/2-1/2"]
[WhiteElo "1577"]
[BlackElo "1639"]
[PlyCount "108"]
[EventDate "2016.09.10"]
[EventType "swiss"]
[EventRounds "9"]
[EventCountry "CZE"]
[SourceTitle "CBM 174 Extra"]
[Source "ChessBase"]
[SourceDate "2016.10.10"]
[SourceVersion "1"]
[SourceVersionDate "2016.10.10"]
[SourceQuality "1"]

1. d4 d5 2. Nf3 c6 3. e3 Bf5 4. c4 e6 5. Nc3 Bb4 6. Qb3 Bxc3+ 7. bxc3 Qb6 8. cxd5 exd5 9. c4 Qxb3 10. axb3 Nf6 11. Be2 0-0 12. 0-0 Nbd7 13. Bd2 h6 14. Bb4 Rfe8 15. Rfc1 a6 16. h3 Be6 17. Nd2 Ne4 18. Nxe4 dxe4 19. Ra5 b6 20. Ra3 Nf6 21. Bd6 Rec8 22. Rca1 a5 23. b4 Ne8 24. Bg3 Rd8 25. bxa5 bxa5 26. Rxa5 Rxa5 27. Rxa5 Nf6 28. Be5 Ne8 29. Rc5 Bd7 30. Bd1 Ra8 31. Kh2 g6 32. f3 Ra1 33. Bc2 exf3 34. gxf3 Ra2 35. Kg3 Rxc2 36. d5 cxd5 37. Rxd5 f6 38. Rxd7 fxe5 39. Re7 Nd6 40. Rxe5 Nf5+ 41. Kf4 Rxc4+ 42. e4 Kf7 43. Ra5 Ne7 44. h4 Rc6 45. Kg4 Re6 46. Rb5 Kf6 47. Ra5 Nc6 48. Ra4 Ne5+ 49. Kg3 Rc6 50. Ra3 Nf7 51. Kg4 h5+ 52. Kg3 Re6 53. Ra4 Rc6 54. Ra3 Re6 1/2-1/2

[Event "Valasska Bystrice op"]
[Site "Valasska Bystrice"]
[Date "2016.09.14"]
[Round "6"]
[White "Smutek, Jiri"]
[Black "Kolibik, Jan"]
[Result "1/2-1/2"]
[WhiteElo "1468"]
[BlackElo "1639"]
[PlyCount "66"]
[EventDate "2016.09.10"]
[EventType "swiss"]
[EventRounds "9"]
[EventCountry "CZE"]
[SourceTitle "CBM 174 Extra"]
[Source "ChessBase"]
[SourceDate "2016.10.10"]
[SourceVersion "1"]
[SourceVersionDate "2016.10.10"]
[SourceQuality "1"]

1. e4 e6 2. Nf3 d5 3. exd5 exd5 4. d4 Be7 5. Bf4 Bg4 6. Be2 Nf6 7. 0-0 Nbd7 8. Nbd2 0-0 9. Re1 Re8 10. c3 c6 11. Qb3 Qb6 12. Qxb6 Nxb6 13. Ne5 Bxe2 14. Rxe2 Nh5 15. Nd3 Nxf4 16. Nxf4 Bg5 17. Rxe8+ Rxe8 18. g3 Bxf4 19. gxf4 f6 20. Kf1 Na4 21. Rb1 Kf7 22. f3 h6 23. c4 Re3 24. cxd5 cxd5 25. Kf2 Re7 26. f5 Rc7 27. Ke3 Ke7 28. h4 Rc2 29. b3 Rc3+ 30. Ke2 Nb6 31. a3 Nc8 32. Nf1 Nd6 33. Ne3 Rxe3+ 1/2-1/2

[Event "Valasska Bystrice op"]
[Site "Valasska Bystrice"]
[Date "2014.09.20"]
[Round "9"]
[White "Biolkova, Jana"]
[Black "Kolibik, Jan"]
[Result "1/2-1/2"]
[WhiteElo "1332"]
[BlackElo "1667"]
[PlyCount "80"]
[EventDate "2014.09.13"]
[EventType "swiss"]
[EventRounds "9"]
[EventCountry "CZE"]
[SourceTitle "CBM 162 Extra"]
[Source "ChessBase"]
[SourceDate "2014.10.17"]
[SourceVersion "1"]
[SourceVersionDate "2014.10.17"]
[SourceQuality "1"]

1. d4 d5 2. Nf3 c6 3. Bf4 Nf6 4. h3 e6 5. e3 Bd6 6. Ne5 0-0 7. Bd3 Bxe5 8. Bxe5 Nbd7 9. Bh2 Re8 10. 0-0 e5 11. dxe5 Nxe5 12. Bxe5 Rxe5 13. Nd2 Re8 14. Re1 Qb6 15. b3 Be6 16. Nf3 h6 17. Qd2 Rad8 18. Qc3 Bc8 19. Rac1 Qc7 20. Qa1 Ne4 21. c4 dxc4 22. Bxc4 Nd2 23. Nxd2 Rxd2 24. Rcd1 Red8 25. Rxd2 Rxd2 26. Rd1 Qd8 27. Rxd2 Qxd2 28. Qd4 Qxd4 29. exd4 Kf8 30. Kf1 b5 31. Bd3 a6 32. Be4 Bd7 33. g4 Ke7 34. Ke2 Kd6 35. b4 g5 36. Ke3 Be6 37. a3 Bc4 38. Bg2 Be6 39. f4 Bc4 40. f5 f6 1/2-1/2

[Event "Valasska Bystrice op"]
[Site "Valasska Bystrice"]
[Date "2014.09.18"]
[Round "7"]
[White "Svitak, Josef"]
[Black "Kolibik, Jan"]
[Result "1/2-1/2"]
[WhiteElo "1893"]
[BlackElo "1667"]
[PlyCount "64"]
[EventDate "2014.09.13"]
[EventType "swiss"]
[EventRounds "9"]
[EventCountry "CZE"]
[SourceTitle "CBM 162 Extra"]
[Source "ChessBase"]
[SourceDate "2014.10.17"]
[SourceVersion "1"]
[SourceVersionDate "2014.10.17"]
[SourceQuality "1"]

1. d4 d5 2. Nf3 Nf6 3. Bf4 e6 4. e3 c6 5. h3 Bd6 6. Ne5 0-0 7. c3 Bxe5 8. Bxe5 Nbd7 9. Bh2 Re8 10. Bd3 e5 11. dxe5 Nxe5 12. Bxe5 Rxe5 13. Nd2 Re8 14. Nf3 Ne4 15. Qc2 Qf6 16. 0-0-0 a5 17. Bxe4 dxe4 18. Nh2 Bf5 19. g4 Bg6 20. Nf1 Rad8 21. Ng3 Rxd1+ 22. Rxd1 Rd8 23. Rxd8+ Qxd8 24. Qd2 Qxd2+ 25. Kxd2 Kf8 26. b4 Ke7 27. h4 h6 28. a3 Ke6 29. c4 axb4 30. axb4 f5 31. gxf5+ Bxf5 32. Kc3 Ke5 1/2-1/2

[Event "Valasska Bystrice op"]
[Site "Valasska Bystrice"]
[Date "2014.09.14"]
[Round "2"]
[White "Kolibik, Jan"]
[Black "Vavra, Vladimir"]
[Result "1/2-1/2"]
[WhiteElo "1667"]
[BlackElo "1552"]
[PlyCount "37"]
[EventDate "2014.09.13"]
[EventType "swiss"]
[EventRounds "9"]
[EventCountry "CZE"]
[SourceTitle "CBM 162 Extra"]
[Source "ChessBase"]
[SourceDate "2014.10.17"]
[SourceVersion "1"]
[SourceVersionDate "2014.10.17"]
[SourceQuality "1"]

1. Nf3 Nf6 2. c4 c5 3. g3 Nc6 4. Bg2 e6 5. 0-0 Be7 6. b3 0-0 7. Bb2 Rb8 8. Nc3 a6 9. d4 cxd4 10. Nxd4 Nxd4 11. Qxd4 b6 12. Ne4 Bb7 13. Rad1 Bxe4 14. Bxe4 Bc5 15. Qc3 Qe7 16. Bf3 Bb4 17. Qd3 Rfd8 18. Bxf6 Qxf6 19. Bg2 1/2-1/2

[Event "Valasska Bystrice op"]
[Site "Valasska Bystrice"]
[Date "2014.09.13"]
[Round "1"]
[White "Musil, Vitezslav"]
[Black "Kolibik, Jan"]
[Result "1-0"]
[WhiteElo "2001"]
[BlackElo "1667"]
[PlyCount "33"]
[EventDate "2014.09.13"]
[EventType "swiss"]
[EventRounds "9"]
[EventCountry "CZE"]
[SourceTitle "CBM 162 Extra"]
[Source "ChessBase"]
[SourceDate "2014.10.17"]
[SourceVersion "1"]
[SourceVersionDate "2014.10.17"]
[SourceQuality "1"]

1. e4 c5 2. Nf3 d6 3. d4 cxd4 4. Nxd4 Nf6 5. Nc3 a6 6. Bg5 e6 7. Bc4 Be7 8. Qf3 Qc7 9. Bb3 Nc6 10. 0-0-0 Na5 11. Kb1 Nxb3 12. cxb3 e5 13. Bxf6 gxf6 14. Nd5 Qd8 15. Nf5 Bxf5 16. Qxf5 0-0 17. Rd3 1-0

[Event "Valasska Bystrice op"]
[Site "Valasska Bystrice"]
[Date "2013.09.14"]
[Round "9"]
[White "Kolibik, Jan"]
[Black "Korinek, Jaroslav"]
[Result "0-1"]
[WhiteElo "1734"]
[BlackElo "1807"]
[PlyCount "70"]
[EventDate "2013.09.07"]
[EventType "swiss"]
[EventRounds "9"]
[EventCountry "CZE"]
[SourceTitle "CBM 156 Extra"]
[Source "ChessBase"]
[SourceDate "2013.10.22"]
[SourceVersion "1"]
[SourceVersionDate "2013.10.22"]
[SourceQuality "1"]

1. d4 Nf6 2. Nf3 d6 3. c4 g6 4. Nc3 Bg7 5. e4 0-0 6. Be2 Nbd7 7. 0-0 c6 8. Be3 Qc7 9. Qc1 Ng4 10. Bd2 e5 11. dxe5 Ndxe5 12. h3 Nxf3+ 13. Bxf3 Ne5 14. Be2 Be6 15. b3 f5 16. exf5 Bxf5 17. Bh6 Qd7 18. Bxg7 Kxg7 19. Qe3 Rae8 20. Qg3 Rf6 21. f4 Nf7 22. Bg4 Nh6 23. Rae1 Rfe6 24. Re2 Bxg4 25. Rxe6 Qxe6 26. hxg4 Nxg4 27. Qf3 Qe3+ 28. Qxe3 Rxe3 29. Rc1 Kf6 30. Nb1 Kf5 31. Rf1 Re2 32. a3 Ne3 33. Nc3 Rxg2+ 34. Kh1 Rc2 35. Nd1 Nxf1 0-1

[Event "Nachod op 11th"]
[Site "Nachod"]
[Date "2013.07.06"]
[Round "8"]
[White "Kolibik, Jan"]
[Black "Gorecki, Janusz"]
[Result "1/2-1/2"]
[WhiteElo "1690"]
[BlackElo "1898"]
[PlyCount "95"]
[EventDate "2013.06.29"]
[EventType "swiss"]
[EventRounds "9"]
[EventCountry "CZE"]
[SourceTitle "CBM 155 Extra"]
[Source "ChessBase"]
[SourceDate "2013.08.26"]
[SourceVersion "1"]
[SourceVersionDate "2013.08.26"]
[SourceQuality "1"]

1. d4 Nf6 2. Nf3 e6 3. e3 d5 4. c4 Bb4+ 5. Bd2 Be7 6. Nc3 a6 7. a4 0-0 8. Qc2 c5 9. Bd3 dxc4 10. Bxc4 cxd4 11. exd4 Nc6 12. Ne2 Bd7 13. 0-0 Rc8 14. Qb3 Ne4 15. Be1 a5 16. Bd3 Nf6 17. Rc1 Nd5 18. Bd2 Ncb4 19. Bc4 Nb6 20. Bb5 Qe8 21. Rxc8 Nxc8 22. Bxd7 Qxd7 23. Qd1 Nb6 24. b3 Rc8 25. Qb1 N6d5 26. Rc1 Nc6 27. Ne5 Qd8 28. Nxc6 bxc6 29. Rc4 Qb6 30. Qc2 Bd6 31. g3 h6 32. Nc1 Bb4 33. Bxb4 Nxb4 34. Qc3 Rb8 35. Rc5 Rd8 36. Kf1 Rd6 37. Kg2 f6 38. h4 Qd8 39. Nd3 Nxd3 40. Qxd3 Rxd4 41. Qc3 Rb4 42. Qf3 Qb8 43. Qxc6 Rb6 44. Qc8+ Qxc8 45. Rxc8+ Kf7 46. Rc7+ Kf8 47. Rc8+ Kf7 48. Rc7+ 1/2-1/2